00964nac a22002171u 4500010001600000020001700016082002100033090001500054100003400069245015700103260004200260300004600302500002600348504005300374511002400427650007900451650006400530942002300594999001500617952011400632 a 89049219 a0807612308 :00a759.9520903bMUR c8556d8556 aMurase, Miyeko. 10aMasterpieces of Japanese screen painting : the American collections /bthe American collections /cintroductory essay and commentaries by Miyeko Murase. aNew York :bG. Braziller,1990cc1990. a232 p. :bill. (some col.) ;c32 x 36 cm. aDistributer: Al-Ahram aIncludes bibliographical references and indexes. aCatalogued by: Sara 0aScreen painting, JapaneseyKamakura-Momoyama periods, 1185-1600xCatalogs. 0aScreen painting, JapaneseyEdo period, 1600-1868xCatalogs. cBBk759.9520903MUR c8556d8556 00102ddc4070aMAINbMAINc2NDd2012-03-08ePurchasel0o759.9520903MURp000010334r2026-01-12 00:00:00yBB